Islam & family planning / (Record no. 20074)

MARC details
000 -LEADER
fixed length control field 01241cam a2200289 i 4500
001 - CONTROL NUMBER
control field 3630307
003 - CONTROL NUMBER IDENTIFIER
control field BDDh-ASL
005 - DATE AND TIME OF LATEST TRANSACTION
control field 20231015025837.0
008 - FIXED-LENGTH DATA ELEMENTS--GENERAL INFORMATION
fixed length control field 741224s1974 le a b 100 0 eng
010 ## - LIBRARY OF CONGRESS CONTROL NUMBER
LC control number 74194730
040 ## - CATALOGING SOURCE
Original cataloging agency DLC
Transcribing agency DLC
Modifying agency DLC
-- BDDh-ASL
041 1# - LANGUAGE CODE
Language code of text/sound track or separate title engara
050 00 - LIBRARY OF CONGRESS CALL NUMBER
Classification number HQ766.37
Item number .I58 1971
082 00 - DEWEY DECIMAL CLASSIFICATION NUMBER
Classification number 261.8/3
Item number ISL
111 2# - MAIN ENTRY--MEETING NAME
Meeting name or jurisdiction name as entry element International Islamic Conference,
Location of meeting Rabat, Morocco,
Date of meeting or treaty signing 1971.
240 10 - UNIFORM TITLE
Uniform title Islām wa-tanẓīm al-usrah.
Language of a work English
245 10 - TITLE STATEMENT
Title Islam & family planning /
Statement of responsibility, etc. a faithful translation of the Arabic edition of the proceedings of the International Islamic Conference held in Rabat (Morocco), December,1971.
260 ## - PUBLICATION, DISTRIBUTION, ETC.
Place of publication, distribution, etc. Beirut :
Name of publisher, distributor, etc. International Planned Parenthood Federation, Middle East and North Africa Region,
Date of publication, distribution, etc. [1974]
300 ## - PHYSICAL DESCRIPTION
Extent 2 v. :
Other physical details ill. ;
Dimensions 25 cm.
500 ## - GENERAL NOTE
General note Issued also under title: al-Islām wa-tanẓīm al-usrah.
504 ## - BIBLIOGRAPHY, ETC. NOTE
Bibliography, etc. note Includes bibliographical references.
650 #0 - SUBJECT ADDED ENTRY--TOPICAL TERM
Topical term or geographic name entry element Family planning
General subdivision Religious aspects
-- Islam
Form subdivision Congresses.
650 #0 - SUBJECT ADDED ENTRY--TOPICAL TERM
Topical term or geographic name entry element Families
Geographic subdivision Islamic countries
Form subdivision Congresses.
710 2# - ADDED ENTRY--CORPORATE NAME
Corporate name or jurisdiction name as entry element International Planned Parenthood Federation.
Subordinate unit Middle East and North Africa Region.
906 ## - LOCAL DATA ELEMENT F, LDF (RLIN)
a 7
b cbc
c orignew
d 2
e ncip
f 19
g y-gencatlg
942 ## - ADDED ENTRY ELEMENTS (KOHA)
Source of classification or shelving scheme Dewey Decimal Classification
Koha item type Books
Holdings
Withdrawn status Lost status Source of classification or shelving scheme Damaged status Not for loan Collection code Home library Current library Shelving location Date acquired Source of acquisition Serial Enumeration / chronology Total Checkouts Full call number Barcode Date last seen Copy number Price effective from Koha item type
    Dewey Decimal Classification     Non-fiction Asiatic Society Library Asiatic Society Library General Stacks 12/24/2020 Donated by Prof. Husniara Huq V-1   261.8/3 ISL 103479 12/24/2020 C-1 12/24/2020 Books

Powered by Koha